[Event "14th CRO-Cup"]
[Site "Sibenik CRO"]
[Date "2005.06.03"]
[Round "7"]
[White "Malenica,M"]
[Black "Ramesa,M"]
[Result "1-0"]
[WhiteElo "2160"]
[BlackElo "2197"]

1.Nf3 Nf6 2.c4 e6 3.d4 b6 4.g3 Ba6 5.b3 Bb4+ 6.Bd2 Be7 7.Bg2 c6 8.Bc3 d5
9.Nbd2 O-O 10.Ne5 Nfd7 11.Nxd7 Nxd7 12.O-O Rc8 13.e4 b5 14.Re1 dxe4 15.Nxe4 bxc4
16.Bf1 Nb6 17.Nc5 Nd5 18.Nxa6 Nxc3 19.Qd2 Nb5 20.Bxc4 Qxd4 21.Rad1 Qb6 22.a4 Nd6
23.Bf1 Qxb3 24.Nc5 Qd5 25.Qc2 Qg5 26.Bd3 Nf5 27.Bxf5 exf5 28.h4 Qh5 29.Rxe7 f4
30.Rde1 Rfd8 31.R7e5 Qh6 32.Qf5 fxg3 33.Qxc8 gxf2+ 34.Kxf2 Qf6+ 35.Qf5 Qxh4+
36.Kf3 g6 37.Re8+ Kg7 38.Ne6+ Kh6 39.Qf4+ Qxf4+ 40.Nxf4  1-0

[Event "FSGM June"]
[Site "Budapest HUN"]
[Date "2005.06.10"]
[Round "7"]
[White "Sachdev,T"]
[Black "Hoffmann,Mi1"]
[Result "1/2-1/2"]
[WhiteElo "2343"]
[BlackElo "2476"]

1.d4 Nf6 2.c4 e6 3.Nf3 b6 4.g3 Ba6 5.b3 b5 6.Bg2 bxc4 7.Ne5 Bb4+ 8.Kf1 d5
9.bxc4 O-O 10.c5 Nfd7 11.Nxd7 Qxd7 12.Bd2 Qb5 13.Bf3 Nc6 14.Be3 e5 15.a4 Qc4
16.Nd2 Bxd2 17.Qxd2 Nxd4 18.Bxd4 Qxd4 19.Qxd4 exd4 20.Bxd5 Rab8 21.Ra2 Rfe8
22.Bf3 Re5 23.c6 Rbe8 24.Rd2 g6 25.h4 h5 26.g4 hxg4 27.Bxg4 Kg7 28.Bf3 f5
29.Rxd4 Bxe2+ 30.Kg2 Kf6 31.Rd7 R8e7 32.Bxe2 Rxe2 33.Rxe7 Kxe7 34.Rd1 Re4
35.Rd7+ Ke6 36.Rxc7 Rxa4 37.Rg7 Rxh4 38.Rxa7 Rc4 39.Rg7 Kf6 40.Rc7 g5 41.Rc8 Ke5
42.c7 Kf4 43.Ra8 Rxc7 44.Ra4+ Ke5 45.Ra5+ Ke6 46.Ra6+ Kf7 47.Kg3 Re7 48.Kf3 Re6
49.Ra7+ Kf6 50.Ra8 Rc6 51.Rf8+ Kg6 52.Rg8+ Kh6 53.Rh8+ Kg7 54.Ra8 Rc3+ 55.Kg2 Kf6
56.Ra5 g4 57.Ra4 Kg5 58.Ra5 Rd3 59.Rb5 Rd4 60.Kg3 Rd3+ 61.Kg2 Kf4 62.Rb4+ Ke5
63.Rb5+ Ke4 64.Rb4+ Rd4 65.Rxd4+ Kxd4 66.f3 g3 67.Kxg3 Ke3 68.f4 Ke4 69.Kg2 Kxf4  1/2-1/2

[Event "St Petersburg vs Moscow"]
[Site "St Petersburg RUS"]
[Date "2005.06.15"]
[Round "2"]
[White "Riazantsev,A"]
[Black "Ivanov,Sergey1"]
[Result "1/2-1/2"]
[WhiteElo "2608"]
[BlackElo "2572"]

1.d4 Nf6 2.c4 e6 3.Nf3 b6 4.g3 Ba6 5.Qb3 Nc6 6.Nbd2 Bb7 7.e4 d5 8.cxd5 exd5
9.e5 Ne4 10.Bd3 Bb4 11.O-O O-O 12.Rd1 Bxd2 13.Bxd2 a5 14.Rac1 Rc8 15.Qa4 Ne7
16.b4 axb4 17.Bxb4 c5 18.dxc5 bxc5 19.Qa7 cxb4 20.Qxb7 Nc3 21.Re1 Rb8 22.Qa7  1/2-1/2

[Event "White Nights"]
[Site "St Petersburg RUS"]
[Date "2005.06.18"]
[Round "1"]
[White "Rumiantseva,M"]
[Black "Rakitskaja,M"]
[Result "0-1"]
[WhiteElo "2019"]
[BlackElo "2253"]

1.d4 Nf6 2.c4 e6 3.Nf3 b6 4.g3 Ba6 5.Qc2 c5 6.Bg2 Bb7 7.O-O Nc6 8.Qd1 d5
9.cxd5 exd5 10.Nc3 Be7 11.Re1 O-O 12.b3 Re8 13.Bb2 cxd4 14.Nxd4 Nxd4 15.Qxd4 Bc5
16.Qf4 Ne4 17.Nxe4 dxe4 18.Red1 Qe7 19.Qg4 f5 20.Qxf5 Rf8 21.Qd7 Bxf2+ 22.Kh1 Rae8
23.Qxe7 Rxe7 24.Ba3 Bc5 25.Bxc5 bxc5 26.Rac1 Rf2 27.Rxc5 Rxe2 28.Bf1 e3+
29.Kg1 Rd2 30.Re1 h6 31.Rc3 e2 32.Bg2 Rd1  0-1

[Event "Marx Gyorgy Open"]
[Site "Paks HUN"]
[Date "2005.06.20"]
[Round "7"]
[White "Zakarias,D"]
[Black "Fodor,T jr"]
[Result "1-0"]
[WhiteElo "2265"]
[BlackElo "2269"]

1.d4 Nf6 2.c4 e6 3.Nf3 b6 4.g3 Ba6 5.b3 Bb4+ 6.Bd2 Be7 7.Bg2 c6 8.Bc3 d5
9.Ne5 Nfd7 10.Nxd7 Nxd7 11.Nd2 Rc8 12.e4 dxe4 13.Nxe4 Nf6 14.Qc2 O-O 15.Rd1 b5
16.Nxf6+ Bxf6 17.c5 b4 18.Bb2 Bb5 19.Be4 g6 20.f4 Bg7 21.Kf2 Rc7 22.Qd2 a5
23.Qe3 Rd7 24.Bf3 Qc7 25.h4 h5 26.g4 hxg4 27.Bxg4 Bh6 28.Bc1 Rd5 29.Qg3 Kh8
30.h5 g5 31.fxg5 Qxg3+ 32.Kxg3 Bxg5 33.Bf3 Rf5 34.Be4 Bxc1 35.Bxf5 Bb2 36.Bc2 Rd8
37.Rh4 Bc3 38.Kf3 f5 39.Ke3 Rg8 40.Kf3 Kh7 41.Bd3 Bxd3 42.Rxd3 Rg1 43.Rh2 Rg4
44.Re2 Rh4 45.Kg3 Rg4+ 46.Kh3 Rxd4 47.Rxd4 Bxd4 48.Rxe6 Bxc5 49.Rxc6 Bf2
50.Rf6  1-0

[Event "19th Open Pula"]
[Site "Pula CRO"]
[Date "2005.06.22"]
[Round "4"]
[White "Bajramovic,H"]
[Black "Franic,M"]
[Result "0-1"]
[WhiteElo "2217"]
[BlackElo "2390"]

1.d4 Nf6 2.c4 e6 3.Nf3 b6 4.g3 Ba6 5.b3 Bb4+ 6.Bd2 Be7 7.Qc2 Bb7 8.Nc3 Bxf3
9.exf3 d5 10.Ne2 O-O 11.Bg2 c6 12.O-O Na6 13.f4 g6 14.Bf3 Rc8 15.g4 Qd7 16.g5 Ne8
17.h4 Ng7 18.Ng3 f6 19.Bg4 Nb4 20.Qb1 fxg5 21.fxg5 dxc4 22.Rd1 Qxd4 23.Qe4 Qxf2+
24.Kh1 Qxg3 25.Bxe6+ Kh8 26.Rg1 Qd3 27.Qxd3 cxd3 28.Bxc8 Rxc8 29.Rae1 Bc5
30.Rg4 Nc2 31.Ree4 Nf5 32.Re6 Be3 33.Bc3+ Bd4 34.Bd2 c5 35.Kh2 Kg7 36.Kh3 Kf7
37.Rge4 Bg7 38.Kg4  0-1

[Event "Torch Real Estate Cup"]
[Site "Xiapu CHN"]
[Date "2005.06.22"]
[Round "15"]
[White "Wang Xinyue"]
[Black "Wang Xiaohui"]
[Result "1/2-1/2"]
[WhiteElo "1978"]
[BlackElo "2180"]

1.d4 Nf6 2.c4 e6 3.Nf3 b6 4.g3 Ba6 5.b3 Bb4+ 6.Bd2 Be7 7.Bg2 c6 8.Bc3 d5
9.Ne5 Nfd7 10.Nxd7 Nxd7 11.Nd2 O-O 12.O-O Rc8 13.e4 b5 14.cxb5 cxb5 15.Bb2 dxe4
16.Nxe4 b4 17.Re1 Nb6 18.Rc1 Bb5 19.Nc5 Bg5 20.Rc2 Nd5 21.Qg4 Nc3 22.Bxc3 bxc3
23.Rxc3 Qa5 24.b4 Qxb4 25.Qf3 Bc6 26.Qd3 Bxg2 27.Kxg2 Rfd8 28.Rb1 Qa5 29.Rb5 Qxa2
30.Nb7 Rxc3 31.Qxc3 Bd2 32.Qf3 Rc8 33.Nc5 Qc4 34.Rb7 Qxd4 35.Nd7 Rd8 36.Nc5 Qd5
37.Qxd5 exd5 38.Rxa7 g5 39.Rd7 Rxd7 40.Nxd7 Kg7 41.Nb6 d4 42.Kf3 Kf6 43.Ke4 Be1
44.f3 Ke6 45.Nd5 Bf2 46.Nc7+ Kd6 47.Ne8+ Kc5 48.Kd3 f5 49.Nf6 Bg1 50.Nxh7 Be3
51.h4 gxh4 52.gxh4 Kd6 53.Nf8 Ke5 54.Ng6+ Kf6 55.h5 Kg5 56.Ne7 f4 57.h6 Kxh6
58.Nf5+ Kg5 59.Nxd4 Kf6 60.Ke4  1/2-1/2

[Event "Friendship IM"]
[Site "Cartak CZE"]
[Date "2005.06.25"]
[Round "10"]
[White "Pachta,P"]
[Black "Jurek,J"]
[Result "1/2-1/2"]
[WhiteElo "2159"]
[BlackElo "2374"]

1.d4 Nf6 2.Nf3 e6 3.c4 b6 4.g3 Ba6 5.Qa4 Bb7 6.Bg2 c5 7.dxc5 Bxc5 8.O-O O-O
9.Nc3 Be7 10.Rd1 Na6 11.Bf4 Nc5 12.Qc2 Nce4 13.Nd4 Nxc3 14.Qxc3 Qc8 15.Nb5 Bxg2
16.Kxg2 Qc6+ 17.f3 d5 18.Nc7 Rad8 19.cxd5 Qxc3 20.bxc3 Nxd5 21.Nxd5 exd5
22.Be3 Rd7 23.Rd3 Rc8 24.Rad1 Bf6 25.Bd4 Bxd4 26.Rxd4 Rxc3 27.Rxd5 Rxd5 28.Rxd5 Kf8
29.a4 Ke7 30.Rd4 Rc5 31.f4 a6 32.Kf3 f5 33.Rb4 b5 34.axb5 axb5 35.e4 fxe4+
36.Kxe4 h5 37.Rd4 Ke6 38.Rd8 Rc4+ 39.Kd3 g6 40.Rb8 Rb4 41.Kc3 Rb1 42.Kc2 Rh1
43.Rxb5 Rxh2+ 44.Kd3 Rg2 45.Rg5 Kf6  1/2-1/2

[Event "6th Kurass Memorial"]
[Site "Kiev UKR"]
[Date "2005.06.26"]
[Round "6"]
[White "Nazarevich,V"]
[Black "Grigorchuk,S"]
[Result "1-0"]
[WhiteElo "2346"]
[BlackElo "2239"]

1.d4 Nf6 2.c4 e6 3.Nf3 b6 4.g3 Ba6 5.Nbd2 c6 6.Bg2 d5 7.O-O Be7 8.Qc2 Nbd7
9.Re1 b5 10.c5 O-O 11.e4 dxe4 12.Nxe4 Nxe4 13.Qxe4 Rc8 14.b4 Bb7 15.Qc2 Nf6
16.a4 Nd5 17.Bd2 a6 18.Ra3 Qc7 19.Ne5 Rcd8 20.g4 f6 21.Be4 g6 22.Bxg6  1-0

[Event "Torch Real Estate Cup"]
[Site "Xiapu CHN"]
[Date "2005.06.26"]
[Round "19"]
[White "Xie Jianjun"]
[Black "Zhang Pengxiang"]
[Result "1/2-1/2"]
[WhiteElo "2391"]
[BlackElo "2583"]

1.d4 Nf6 2.Nf3 e6 3.c4 b6 4.g3 Ba6 5.b3 d5 6.Bg2 Nbd7 7.O-O Rc8 8.Nbd2 Be7
9.Re1 c5 10.Bb2 O-O 11.e4 dxe4 12.Nxe4 Nxe4 13.Rxe4 Bf6 14.Re2 Bb7 15.Rd2 Qe7
16.Qe2 cxd4 17.Nxd4 Bxg2 18.Kxg2 Nc5 19.Rad1 Rfd8 20.Qf3 Qe8 21.Nb5 Bxb2
22.Rxb2 Rxd1 23.Qxd1 a6 24.Nd6 Qc6+ 25.f3 Rd8 26.Rd2 h6 27.Rd4 Rd7 28.b4 Nb7
29.Nxb7 Rxb7  1/2-1/2

[Event "2nd RUS Pupils Summer Girls"]
[Site "Satka RUS"]
[Date "2005.06.27"]
[Round "1"]
[White "Drozdova,D"]
[Black "Kublashvili,E"]
[Result "1/2-1/2"]
[WhiteElo "2189"]
[BlackElo "2069"]

1.d4 Nf6 2.c4 e6 3.Nf3 b6 4.g3 Ba6 5.b3 Bb4+ 6.Bd2 Be7 7.Nc3 d5 8.cxd5 exd5
9.Bg2 O-O 10.O-O c6 11.Ne5 Nfd7 12.Nf3 Re8 13.Re1 Bb4 14.Qc2 Bxc3 15.Bxc3 Nf6
16.Bb4 Bb7 17.Bd2 Ne4 18.Be3 Nd7 19.b4 a5 20.a3 Qe7 21.Qb2 axb4 22.axb4 Nd6
23.Nd2 h6 24.Rxa8 Rxa8 25.Bf4 Ne4 26.f3 Nxd2 27.Bxd2 b5 28.Kf2 Nb6 29.Ra1 Re8
30.e3 Nc4 31.Qc3 Ra8 32.Rxa8+ Bxa8 33.Qa1 Bb7 34.Qa2 Bc8 35.Bf1 Kh7 36.h4 g6
37.Bd3 Kg7 38.Bf1  1/2-1/2

[Event "Open A"]
[Site "Klatovy CZE"]
[Date "2005.07.02"]
[Round "1"]
[White "Snaidr,J"]
[Black "Smejc,J"]
[Result "1/2-1/2"]
[WhiteElo "2069"]
[BlackElo "1855"]

1.d4 Nf6 2.c4 e6 3.Nf3 b6 4.g3 Ba6 5.b3 Bb4+ 6.Bd2 Be7 7.Nc3 O-O 8.Bg2 c6
9.O-O Bb7 10.Ne5 d5 11.cxd5 cxd5 12.Re1 Nc6 13.Nxc6 Bxc6 14.e3 Rc8 15.Bf1 Qd7
16.Ba6 Rc7 17.Qe2 Ne4 18.Nxe4 dxe4 19.Rec1 Rd8 20.Rc2 Ba3 21.Bc1 Bd6 22.Bb2 Bd5
23.Rac1 Rxc2 24.Rxc2 f5 25.Bb5 Qe7 26.Bc6 g5 27.Bxd5 exd5 28.Qa6 f4 29.Rc8 f3
30.Rxd8+ Qxd8 31.Qb7 Bc7 32.Ba3 Qd7 33.Qa8+ Bd8 34.Qb8 Kf7 35.Qd6 Qxd6 36.Bxd6 Ke6
37.Bb8 a6 38.Kf1 Kf5 39.Bd6 Kg4 40.Kg1 Kh3 41.Bb4 Bc7 42.Be7 Kg4 43.Kf1 h5
44.Bb4 h4 45.Ba3 a5 46.Be7 b5 47.a3 h3 48.b4 Kf5 49.Bc5 g4  1/2-1/2

[Event "Skanska"]
[Site "Brno CZE"]
[Date "2005.07.03"]
[Round "4"]
[White "Polak,T"]
[Black "Laznicka,V"]
[Result "1/2-1/2"]
[WhiteElo "2466"]
[BlackElo "2480"]

1.d4 Nf6 2.c4 e6 3.Nf3 b6 4.g3 Ba6 5.b3 b5 6.cxb5 Bxb5 7.Bg2 Bc6 8.O-O a5
9.a3 Qc8 10.Nc3 Qb7 11.Qc2 Ra6 12.Re1 d5 13.Ne5 Bd6 14.e4 Bxe5 15.dxe5 Nxe4
16.Nxe4 dxe4 17.Bxe4 Nd7 18.Bb2  1/2-1/2

[Event "ch-SWE"]
[Site "Goeteborg SWE"]
[Date "2005.07.04"]
[Round "3"]
[White "Brynell,S"]
[Black "Agrest,E"]
[Result "1-0"]
[WhiteElo "2484"]
[BlackElo "2592"]

1.d4 Nf6 2.c4 e6 3.Nf3 b6 4.g3 Ba6 5.Qb3 Nc6 6.Nbd2 d5 7.Bg2 Qd7 8.O-O Bd6
9.Qc3 Bb7 10.a3 O-O 11.b4 a6 12.Bb2 Rfd8 13.Rac1 Qe8 14.Rfd1 Rac8 15.Qc2 Na7
16.c5 Be7 17.Ne5 Nc6 18.Nd3 Nb8 19.Ne5 Nc6 20.Nb3 Nd7 21.Nd3 Ncb8 22.a4 Bc6
23.Ra1 Nf6 24.Nd2 Nbd7 25.Rdc1 Ne4 26.Nf3 Bf6 27.Qb3 bxc5 28.dxc5 Rb8 29.Bxf6 gxf6
30.Nd4 Ba8 31.b5 Qf8 32.c6 Ne5 33.Qc2 axb5 34.axb5 Nd6 35.Rcb1 Nec4 36.Ra7 Rdc8
37.Bh3 Qh6 38.Kg2 f5 39.Nc5 Ne4 40.Nxe4 fxe4 41.e3 Qf6 42.Bg4 Qe7 43.Qc3 Re8
44.Rba1 Nb6 45.Nb3 Rbd8 46.R1a6 Qg5 47.Be2 e5 48.Rxc7 d4 49.Qc5 Nd5 50.Rd7 Rxd7
51.cxd7 Rd8 52.Rxa8 Nxe3+ 53.fxe3 Rxa8 54.Qc8+ Qd8 55.Bg4 d3 56.Nc5 d2 57.Qxd8+ Rxd8
58.b6 Kf8 59.b7 Ke7 60.Na6  1-0

[Event "FSGM July"]
[Site "Budapest HUN"]
[Date "2005.07.06"]
[Round "5"]
[White "Ilincic,Z"]
[Black "Dearing,E"]
[Result "1/2-1/2"]
[WhiteElo "2470"]
[BlackElo "2420"]

1.d4 Nf6 2.c4 e6 3.Nf3 b6 4.g3 Ba6 5.Qa4 Be7 6.Bg2 O-O 7.Ne5 c6 8.Nc3 Qe8
9.g4 d5 10.g5 b5 11.cxb5 cxb5 12.Qb3 Nfd7 13.Nxd7 Nxd7 14.Nxb5 Qd8 15.h4 Qb6
16.a4 Bxb5 17.axb5 Qxd4 18.Be3 Bb4+ 19.Kf1 Nc5 20.Qc2 Qe5 21.h5 f5 22.gxf6 Rxf6
23.Rh3 Rc8 24.Qd1 Ne4 25.Kg1 Bc5 26.Bxe4 dxe4 27.Rc1 Rff8 28.Qd7 Qxb2 29.Rxc5 Rxc5
30.Qxe6+ Kh8 31.Bxc5 Qc1+ 32.Kg2 Qxc5 33.Re3 Qg5+ 34.Rg3 Qxh5 35.Qxe4 Qxb5
36.Qe7 Qd5+ 37.e4 Qf7 38.Qxf7 Rxf7 39.Ra3 Re7 40.Kf3 g5 41.Kg4 h6  1/2-1/2

[Event "20th North Sea Cup"]
[Site "Esbjerg DEN"]
[Date "2005.07.06"]
[Round "6"]
[White "Kalinitschew,S"]
[Black "Skjoldborg,J DEN"]
[Result "1-0"]
[WhiteElo "2478"]
[BlackElo "2291"]

1.d4 Nf6 2.Nf3 e6 3.c4 b6 4.g3 Ba6 5.Qb3 Nc6 6.Bd2 Bb7 7.d5 Ne7 8.dxe6 fxe6
9.Bg2 Nf5 10.O-O Bc5 11.Nc3 O-O 12.Rad1 Qe8 13.Bg5 Qh5 14.Bxf6 Rxf6 15.Rxd7 Rh6
16.e4 Nd4 17.Rxd4 Bxd4 18.Ne2 e5 19.c5+ Kh8 20.Nexd4 exd4 21.h4 Qxc5 22.Ng5 Rf8
23.Nf7+ Rxf7 24.Qxf7 Rf6 25.Qd7 Ba6 26.Rd1 d3 27.b4 Qxf2+ 28.Kh2 Qxa2 29.Ra1 Qf7
30.Qxf7 Rxf7 31.Rxa6 Rd7 32.Rxa7 g6 33.Bf3 d2 34.Bd1 Rd4 35.Rxc7 Rxe4 36.Rd7 Rxb4
37.Rxd2 Kg7 38.Rd7+ Kh6 39.g4  1-0

[Event "2nd RUS Pupils Summer Girls"]
[Site "Satka RUS"]
[Date "2005.07.06"]
[Round "9"]
[White "Gunina,V"]
[Black "Malysheva,P"]
[Result "1-0"]
[WhiteElo "2340"]
[BlackElo "2301"]

1.d4 Nf6 2.c4 e6 3.Nf3 b6 4.g3 Ba6 5.b3 Bb4+ 6.Bd2 Be7 7.Bg2 d5 8.O-O O-O
9.Bc3 Bb7 10.Nbd2 Na6 11.a3 c5 12.Bb2 dxc4 13.Nxc4 Bd5 14.Nfe5 Bxg2 15.Kxg2 Qc7
16.e3 Ne4 17.Qf3 f5 18.Rfd1 Bf6 19.d5 Ng5 20.Qf4 b5 21.h4 h6 22.hxg5 hxg5
23.Qf3 g4 24.Qe2 bxc4 25.Nxc4 exd5 26.Rxd5 Qb7 27.Rd1 Bxb2 28.Qxb2 Rf6 29.e4 fxe4  1-0

[Event "Open"]
[Site "Barbera del Valles ESP"]
[Date "2005.07.09"]
[Round "6"]
[White "Carstensen,J"]
[Black "Parligras,M"]
[Result "1/2-1/2"]
[WhiteElo "2324"]
[BlackElo "2571"]

1.d4 Nf6 2.c4 e6 3.Nf3 b6 4.g3 Ba6 5.b3 Bb4+ 6.Bd2 Be7 7.Bg2 d5 8.cxd5 Nxd5
9.O-O O-O 10.Re1 c5 11.e4 Nf6 12.e5 Nd5 13.Nc3 Nc6 14.Nxd5 Qxd5 15.Ng5 Qd7
16.Nxh7 Kxh7 17.Be4+ Kg8 18.Qh5 f5 19.exf6 Rxf6 20.Bg5 Rf5 21.h4 Bf6 22.g4 Bxd4
23.gxf5 exf5 24.Bd5+  1/2-1/2

[Event "16th Open"]
[Site "Ljubljana SLO"]
[Date "2005.07.10"]
[Round "3"]
[White "Krumpacnik,D"]
[Black "Sax,G"]
[Result "1/2-1/2"]
[WhiteElo "2379"]
[BlackElo "2568"]

1.d4 Nf6 2.c4 e6 3.Nf3 b6 4.g3 Ba6 5.Nbd2 Bb4 6.Qa4 c5 7.dxc5 Bxc5 8.Bg2 Bb7
9.O-O O-O 10.Ne5 Bxg2 11.Kxg2 Qc7 12.Ndf3 Be7 13.Bg5 d6 14.Nd3 Nbd7 15.Rac1 Rfc8
16.h3 Qb7 17.Kh2 e5 18.Bxf6 Bxf6 19.Nd2 e4 20.Nxe4 Qxe4 21.Qxd7 Qxe2 22.Rcd1 Bxb2
23.Qxd6 Bf6 24.Nf4 Qxc4 25.Nd5 Rc6 26.Nxf6+ gxf6 27.Qa3 Re6 28.Rc1 Qe2 29.Kg1 Re5
30.Rc7 Ra5 31.Qc3 Qe5 32.Qc4 Rf8 33.Rc1 Qe6 34.a4 Qxh3 35.Qe4 h5 36.Re7 Qg4
37.Qc6 Rxa4 38.Qxf6 Ra5 39.Rcc7 Rf5 40.Qd6 Qf3 41.Qg6+ Kh8  1/2-1/2

[Event "ch-IRL"]
[Site "Dublin IRL"]
[Date "2005.07.11"]
[Round "3"]
[White "Short,P"]
[Black "Brady,S"]
[Result "1/2-1/2"]
[WhiteElo "2300"]
[BlackElo "2320"]

1.Nf3 Nf6 2.d4 e6 3.c4 b6 4.g3 Ba6 5.b3 b5 6.Bg2 bxc4 7.Nfd2 d5 8.bxc4 Be7
9.cxd5 Nxd5 10.O-O O-O 11.Bb2 Nd7 12.Nc3 Rb8 13.Nxd5 Rxb2 14.Qc1 Ba3 15.Qc3 exd5
16.Qxa3 Rb6 17.Rfe1 Nf6 18.Nb3 Re8 19.e3 h5  1/2-1/2

[Event "inAUTOmarket Open"]
[Site "Minsk BLR"]
[Date "2005.07.11"]
[Round "2"]
[White "Tunik,G"]
[Black "Soltanici,R"]
[Result "1-0"]
[WhiteElo "2446"]
[BlackElo "2324"]

1.d4 Nf6 2.c4 e6 3.Nf3 b6 4.g3 Ba6 5.Qb3 Bb7 6.Bg2 c5 7.d5 Be7 8.Nc3 exd5
9.cxd5 O-O 10.O-O d6 11.Nd2 a6 12.a4 Nbd7 13.Nc4 Qc7 14.e4 Rfe8 15.Bd2 Rab8
16.Rfe1 Ne5 17.Nxe5 dxe5 18.Qc4 Bd6 19.b3 Bc8 20.Rec1 Qb7 21.Bf1 Ra8 22.Qe2 Bg4
23.f3 Bd7 24.Be3 Reb8 25.Qf2 Rc8 26.Nd1 Ne8 27.Nb2 Bc7 28.Nc4 Nd6 29.Qb2 Nxc4
30.bxc4 Bd6 31.Rcb1 Rcb8 32.Qc3 Qc8 33.Rb2 a5 34.Rf2 Qe8 35.Qc2 Qe7 36.Bd2 Rf8
37.Bd3 f6 38.Kh1 Kh8 39.Bc3 Rab8 40.Qe2 Qe8 41.Bc2 Qg6 42.f4 Qe8 43.f5 g5
44.g4 Kg7 45.h4 h6 46.Rh2 Rh8 47.Kg2 Qf7 48.Rah1 Rbg8 49.Kf2 Qf8 50.Qd1 Kf7
51.Rh3 Qe8 52.R1h2 Bf8 53.Bd2 Bg7 54.Rb3 Bxa4 55.Rxb6 Bd7 56.Rb7 Qc8 57.Ra7  1-0

[Event "Politiken Cup"]
[Site "Copenhagen DEN"]
[Date "2005.07.17"]
[Round "2"]
[White "Romsdal,T"]
[Black "Milligan,H"]
[Result "1-0"]
[WhiteElo "2204"]
[BlackElo "2052"]

1.d4 Nf6 2.c4 e6 3.Nf3 b6 4.g3 Ba6 5.b3 Bb4+ 6.Bd2 Be7 7.Bc3 d5 8.Nbd2 Nbd7
9.Bg2 c6 10.O-O O-O 11.Re1 Rc8 12.e4 dxe4 13.Nxe4 Nxe4 14.Rxe4 Nf6 15.Re1 Bb7
16.Qe2 Re8 17.Rad1 Bf8 18.Ne5 Rc7 19.b4 Qc8 20.a4 a6 21.c5 b5 22.Qa2 Nd5
23.Bd2 Rce7 24.f4 Qc7 25.Re2 Rd8 26.Qb3 Ra8 27.Rde1 Rd8 28.h4 Bc8 29.h5 Bd7
30.g4 Be8 31.Be4 f6 32.Nd3 Bf7 33.Qb1 g6 34.hxg6 hxg6 35.Bg2 Rde8 36.g5 Bg7
37.gxf6 Bxf6 38.Ne5 Bxe5 39.fxe5 Ra8 40.Bxd5 cxd5 41.Bg5 Rd7 42.Rf1 Ra7 43.Ref2 bxa4
44.Qd3  1-0

[Event "Viking GM"]
[Site "St Petersburg RUS"]
[Date "2005.07.17"]
[Round "11"]
[White "Brodsky,M"]
[Black "Bets,A"]
[Result "1-0"]
[WhiteElo "2554"]
[BlackElo "2377"]

1.d4 Nf6 2.Nf3 e6 3.c4 b6 4.g3 Ba6 5.b3 Bb4+ 6.Bd2 Be7 7.Nc3 d5 8.cxd5 exd5
9.Bg2 O-O 10.O-O Nbd7 11.Rc1 Bb7 12.Bf4 a6 13.Ne1 Ra7 14.Nd3 Ba8 15.b4 c5
16.bxc5 bxc5 17.dxc5 Nxc5 18.Nxc5 Bxc5 19.Na4 Ba3 20.Rc3 Bb4 21.Rd3 Qa5 22.Be3 Bc6
23.Bxa7 Bxa4 24.Qc1 Bb5 25.a3 Bd6 26.Rc3 Bxe2 27.Re1 Bc4 28.Bd4 Re8 29.Rxe8+ Nxe8
30.Bf1 Bxf1 31.Qxf1 Nc7 32.Qd3 h6 33.Rc6 Bxa3 34.Rxc7 Qxc7 35.Qxa3 Qc4 36.Qc3 f6
37.Qxc4 dxc4 38.Bc3 Kf7 39.Kf1 Ke6 40.Ke2 Kd5 41.Ke3 Kc5 42.h4 h5 43.Ke4 g6
44.f3 f5+ 45.Ke5 Kb5 46.Kd4 a5 47.f4 a4 48.Kd5 a3 49.Kd4 a2 50.Kd5 a1=B 51.Bxa1 Kb4
52.Kd4 Kb3 53.Bc3 g5 54.fxg5  1-0

[Event "Open A"]
[Site "Pardubice CZE"]
[Date "2005.07.22"]
[Round "1"]
[White "Lysyj,I"]
[Black "Malinovsky,K"]
[Result "1-0"]
[WhiteElo "2506"]
[BlackElo "2309"]

1.d4 Nf6 2.Nf3 e6 3.c4 b6 4.g3 Ba6 5.Qb3 Nc6 6.Nbd2 Bb4 7.d5 Bxd2+ 8.Nxd2 exd5
9.cxd5 Ne7 10.Qa3 Qc8 11.e4 Bxf1 12.Kxf1 d6 13.Kg2 O-O 14.Re1 Nh5 15.Qf3 g6
16.Nc4 Qd7 17.Bh6 Rfe8 18.Rad1 Rad8 19.g4 Ng7 20.h3 f5 21.Qc3 Nc8 22.gxf5 b5
23.Na5 Rf8 24.Nc6 Rde8 25.Rd3 Rf7 26.fxg6 hxg6 27.Bxg7 Rxg7 28.Rg3 Kh7 29.Nd4 Nb6
30.b3 Re5 31.f4 Rh5 32.Ne6  1-0

[Event "Open A"]
[Site "Pardubice CZE"]
[Date "2005.07.22"]
[Round "1"]
[White "Polak,T"]
[Black "Golovchenko,G"]
[Result "1-0"]
[WhiteElo "2493"]
[BlackElo "2307"]

1.d4 Nf6 2.c4 e6 3.Nf3 b6 4.g3 Ba6 5.b3 Bb4+ 6.Bd2 Be7 7.Bg2 c6 8.Bc3 d5
9.Ne5 Nfd7 10.Nxd7 Nxd7 11.Nd2 O-O 12.O-O Rc8 13.e4 Bb7 14.Re1 Nf6 15.Rc1 c5
16.cxd5 exd5 17.e5 Ne8 18.Nc4 Nc7 19.dxc5 bxc5 20.Qg4 Ba8 21.Nd6 Rb8 22.Nf5 g6
23.e6 f6 24.Ba5 Rc8 25.Red1 Kh8 26.Nxe7 Qxe7 27.Bxc7 Rxc7 28.Bxd5 Bxd5 29.Rxd5 Re8
30.Rd7 Rxd7 31.exd7 Rd8 32.Rd1 f5 33.Qa4 Qe2 34.Rd6 Qe7 35.Qc6 f4 36.gxf4 g5
37.f5 Qe1+ 38.Kg2 Qe2 39.Qf3 Qe7 40.Qd5 g4 41.f6  1-0

[Event "Politiken Cup"]
[Site "Copenhagen DEN"]
[Date "2005.07.23"]
[Round "9"]
[White "Henrichsen,J"]
[Black "Jorgensen,D"]
[Result "1/2-1/2"]
[WhiteElo "2075"]
[BlackElo "2168"]

1.d4 Nf6 2.c4 e6 3.Nf3 b6 4.g3 Ba6 5.b3 Bb4+ 6.Bd2 Be7 7.Bg2 c6 8.Bc3 d5
9.Nbd2 Nbd7 10.O-O O-O 11.Re1 Bb7 12.e4 Rc8 13.Rc1 c5 14.cxd5 exd5 15.e5 Ne8
16.Nf1 Nc7 17.Ne3 g6 18.h4 cxd4 19.Nxd4 Nc5 20.Bh3 N7e6 21.h5 Rc7 22.hxg6 hxg6
23.Nxe6 Nxe6 24.Bxe6 fxe6 25.Qg4 Kg7 26.Ng2 Bg5 27.Nf4 Bxf4 28.gxf4 d4 29.Bb4 Rh8
30.f3 d3 31.Rxc7+ Qxc7 32.Qxe6  1/2-1/2

[Event "Politiken Cup"]
[Site "Copenhagen DEN"]
[Date "2005.07.23"]
[Round "9"]
[White "Andersen,Dan1"]
[Black "Penalver,O"]
[Result "1-0"]
[WhiteElo "2245"]
[BlackElo "2108"]

1.d4 Nf6 2.c4 e6 3.Nf3 b6 4.g3 Ba6 5.Nbd2 Be7 6.Bg2 c6 7.O-O d5 8.b3 O-O
9.Bb2 b5 10.c5 Nfd7 11.b4 Bb7 12.Nb3 Bf6 13.Ne5 Qc7 14.f4 g6 15.e4 Bg7 16.Nxd7 Nxd7
17.e5 f5 18.exf6 Bxf6 19.Qd2 Rfe8 20.Rae1 Nf8 21.Bc3 Qg7 22.Re2 Bc8 23.Na5 Qc7
24.Rfe1 Bd7 25.Qd3 Re7 26.Nb3 Bc8 27.Rf2 Re8 28.Nd2 Qg7 29.Nf3 Bd7 30.Ne5 Re7
31.Bd2 Be8 32.Ref1 Bd7 33.Kh1 Be8 34.Ra1 a6 35.Bc3 Rea7 36.a4 Qb7 37.Rfa2 Bd8
38.a5 Qg7 39.Rf2 Bf6 40.g4 Rc7 41.Raf1 Raa7 42.Bh3 Rab7 43.Rg2 Ra7 44.Rg3 Bh4
45.Rgf3 Bf6 46.Bd2 Rab7 47.Be3 Ra7 48.Qd2 Qe7 49.Rg1 Kh8 50.Bf1 Nd7 51.Bd3 Bg7
52.Qc2 Nf8 53.Rh3 Kg8 54.Qd2 Nd7 55.Re1 Qf6 56.Nf3 Nf8 57.Rg3 Qd8 58.Bf2 Bh6
59.Rh3 Bg7 60.Bg3 Rcb7 61.Ne5 Bf6 62.Bf2 Bg7 63.Qc1 Bf6 64.Rg1 Rg7 65.Be3 Rac7
66.Rf3 Ra7 67.Qf1 Rac7 68.Qc1 Ra7 69.Bf1 Rac7 70.Bh3 Ra7 71.Bf2 Rac7 72.Bg3 Ra7
73.Qe1 Rab7 74.Qf2 Ra7 75.Bf1 Rab7 76.Bd3 Ra7 77.h3 Rab7 78.Bc2 Ra7 79.Bd1 Rab7
80.f5 exf5 81.gxf5 g5 82.Ng4 Bh5 83.Re1 Bxg4 84.hxg4 Rge7 85.Be5 Qe8 86.Rfe3 Qf7
87.Kg1 Qg7 88.Qg3 Qh6 89.Kg2 Qg7 90.R1e2 Qh6 91.Qf2 Qg7 92.Bb3 Rbd7 93.Qf3 h6
94.Qf2 Rf7 95.Qe1 Ra7 96.Rf2 Rad7 97.Rh3 Rde7 98.Re2 Ra7 99.Qh1 Kh7 100.Kg1 Rfe7
101.Rxh6+ Qxh6 102.Rh2 Qxh2+ 103.Qxh2+ Kg8 104.Bxf6 Rh7 105.Qd2 Rh3 106.Qxg5+ Kh7
107.Be5 Rxb3 108.Qh5+ Kg8 109.Qh8+ Kf7 110.Qg7+ Ke8 111.Qxa7 Nd7 112.Bd6 Rxb4
113.f6 Rxd4 114.f7+ Kxf7 115.Qxd7+ Kg6 116.Qf5+  1-0

[Event "Open A"]
[Site "Pardubice CZE"]
[Date "2005.07.24"]
[Round "3"]
[White "Jurek,J"]
[Black "Prokuronov,E"]
[Result "1/2-1/2"]
[WhiteElo "2381"]
[BlackElo "2232"]

1.d4 Nf6 2.c4 e6 3.Nf3 b6 4.g3 Ba6 5.Nbd2 c5 6.Bg2 Nc6 7.dxc5 bxc5 8.e4 Qc7
9.O-O Bb7 10.Re1 d6 11.e5 dxe5 12.Nxe5 Bd6 13.Nxc6 Bxc6 14.Bxc6+ Qxc6 15.Qf3 Rc8
16.Ne4 Nxe4 17.Qxe4 Be7 18.Bf4 Bf6 19.Be5 Qxe4 20.Rxe4 Bxe5 21.Rxe5 Kd7 22.Rd1+ Kc6
23.Rd3 a6 24.Re2 Rhd8 25.Red2 Rxd3 26.Rxd3 Rb8 27.b3 a5 28.Kf1 Ra8 29.g4 h6
30.h4 a4 31.g5 axb3 32.axb3 hxg5 33.hxg5  1/2-1/2

[Event "Open A"]
[Site "Pardubice CZE"]
[Date "2005.07.24"]
[Round "3"]
[White "Aleshin,O"]
[Black "Dinger,F"]
[Result "1/2-1/2"]
[WhiteElo "2425"]
[BlackElo "2179"]

1.d4 Nf6 2.Nf3 e6 3.c4 b6 4.g3 Ba6 5.Qb3 d5 6.cxd5 Qxd5 7.Bg2 Qxb3 8.axb3 Bb7
9.Nc3 a5 10.O-O Na6 11.Bd2 Bd6 12.Rfe1 O-O 13.e4 Bb4 14.Ne5 Rfd8 15.Be3 Bxc3
16.bxc3 Bxe4 17.f3 Bb7 18.Bf2 Nd5 19.Rac1 Rac8 20.f4 Rb8 21.Bf1 Ne7 22.g4 f6
23.Nd3 Kf7 24.Rc2 Nd5 25.Bg3 Re8 26.b4 axb4 27.cxb4 Rbc8 28.Rb2 Nb8 29.b5 c6
30.Ra1 cxb5 31.Ra7 Re7 32.f5 Nc6 33.fxe6+ Ke8 34.Rxb7 Rxb7 35.Bg2 Nce7 36.Rxb5 Rd8
37.Nb4 Nxb4 38.Bxb7 Rxd4 39.Rxb6 Nbd5 40.Bxd5  1/2-1/2

[Event "Open A"]
[Site "Pardubice CZE"]
[Date "2005.07.25"]
[Round "4"]
[White "Vavrak,P"]
[Black "Dinger,F"]
[Result "0-1"]
[WhiteElo "2412"]
[BlackElo "2179"]

1.d4 Nf6 2.c4 e6 3.Nf3 b6 4.g3 Ba6 5.b3 Bb4+ 6.Bd2 Be7 7.Bg2 c6 8.Bc3 d5
9.Ne5 Nfd7 10.Nxd7 Nxd7 11.Nd2 O-O 12.O-O Rc8 13.e4 c5 14.exd5 exd5 15.dxc5 dxc4
16.c6 cxb3 17.Re1 b2 18.Bxb2 Nc5 19.Nb3 Nd3 20.Re2 Nxb2 21.Rxb2 Qxd1+ 22.Rxd1 Bf6
23.Rc2 Rc7 24.a4 Re8 25.f4 Bc8 26.Kf2 Kf8 27.Nd4 Bxd4+ 28.Rxd4 h5 29.Re2 g6
30.Bf3 Rxe2+ 31.Kxe2 Bg4 32.Ke3 Bxf3 33.Kxf3 Rxc6 34.Rd7 Rc3+ 35.Kg2 a5 36.Rb7 Rc2+
37.Kh3 Rb2 38.Rc7 Rb4 39.Rc6 Rxa4 40.Rxb6 Ra2 41.Ra6 Kg7 42.g4 hxg4+ 43.Kxg4 f5+
44.Kg3 Kh6 45.Ra8 a4 46.Rh8+ Kg7 47.Ra8 a3 48.Ra7+ Kf6 49.Ra6+ Kf7 50.Ra7+ Ke8
51.Ra8+ Kd7 52.Ra6 Ra1 53.Kg2 a2 54.Ra3 Kc6 55.Ra5 Kb6 56.Ra8 Kc5 57.Ra4 Kb5
58.Ra8 Kc4 59.Ra7 Kd4 60.Ra8 Ke3 61.Ra4 g5 62.Ra3+ Kxf4 63.h3 Ke4 64.Ra8 f4
65.Re8+ Kf5 66.Rf8+ Ke6 67.Re8+ Kf7 68.Ra8 f3+ 69.Kf2 Rh1  0-1